तुलनात्मक पालि-प्राकृत अपभ्रंश व्याकरण (Record no. 113980)

MARC details
000 -LEADER
fixed length control field 00853nam a2200217Ia 4500
003 - CONTROL NUMBER IDENTIFIER
control field OSt
005 - DATE AND TIME OF LATEST TRANSACTION
control field 20260216095316.0
008 - FIXED-LENGTH DATA ELEMENTS--GENERAL INFORMATION
fixed length control field 220915b |||||||| |||| 00| 0 hin d
037 ## - SOURCE OF ACQUISITION
Terms of availability Reference Collections
040 ## - CATALOGING SOURCE
Original cataloging agency ARTS
Transcribing agency ARTS
Language of cataloging hin
041 ## - LANGUAGE CODE
Source of code hin
Language code of text/sound track or separate title hin
084 ## - COLON CLASSIFICATION NUMBER
Classification number P1511z, 152K1;K8
100 ## - MAIN ENTRY--PERSONAL NAME
Personal name सेन, सुकुमार
9 (RLIN) 8958
245 #0 - TITLE STATEMENT
Title तुलनात्मक पालि-प्राकृत अपभ्रंश व्याकरण
246 ## - VARYING FORM OF TITLE
Title proper/short title Tulanātmak pāli-prākṛut apabhransha vyākaraṇa
260 ## - PUBLICATION, DISTRIBUTION, ETC.
Place of publication, distribution, etc. इलाहाबाद
Name of publisher, distributor, etc. लोकभारती प्रका0
300 ## - PHYSICAL DESCRIPTION
Extent 216पृ0
700 ## - ADDED ENTRY--PERSONAL NAME
Personal name लखेड़ा, महावीर प्रसाद
9 (RLIN) 8959
942 ## - ADDED ENTRY ELEMENTS (KOHA)
Classification part P1511z, 152K1;K8
Koha item type Textbook
Source of classification or shelving scheme Colon Classification (CC)
Suppress in OPAC No
Holdings
Withdrawn status Lost status Source of classification or shelving scheme Damaged status Not for loan Home library Current library Date acquired Total Checkouts Full call number Barcode Date last seen Date last checked out Price effective from Koha item type
    Colon Classification (CC)     Arts Library Arts Library 2022-09-18 1 P1511z 152K1;K8 AL0256348 2026-03-09 2026-02-11 2022-09-18 Textbook
Copyright @ Delhi University Library System